书目信息 |
| 题名: |
崛起的世界第六大城市群
|
|
| 作者: | 王士兰 , 娄延安 主编 | |
| 分册: | ||
| 出版信息: | 北京 中国建筑工业出版社 2005.08 |
|
| 页数: | 496页, [1] 叶图版 | |
| 开本: | 20cm | |
| 丛书名: | ||
| 单 册: | ||
| 中图分类: | F299.275 | |
| 科图分类: | ||
| 主题词: | 城市群--cheng shi qun--城市建设--研究--长江三角洲--文集 | |
| 电子资源: | ||
| ISBN: | 7-112-07014-7 | |
| 000 | 00967nam0 2200253 450 | |
| 001 | 012007147500 | |
| 005 | 20071226091350.51 | |
| 010 | @a7-112-07014-7@b精装@dCNY60.00 | |
| 100 | @a20071226d2005 km y0chiy0120 ea | |
| 101 | 0 | @achi |
| 102 | @aCN@b110000 | |
| 105 | @aahf a 000yy | |
| 106 | @ar | |
| 200 | 1 | @a崛起的世界第六大城市群@Ajue qi de shi jie di liu da cheng shi qun@f王士兰, 娄延安主编@Fwang shi lan,lou yan an zhu bian |
| 210 | @a北京@c中国建筑工业出版社@d2005.08 | |
| 215 | @a496页, [1] 叶图版@c图, 摹真@d20cm | |
| 320 | @a有书目 | |
| 330 | @a本书在借鉴世界其他地区区域发展经验的基础上,就长江三角洲地区的社会经济发展、各地区的分工协作、优势互补等问题作了探讨。包括学者篇、政府篇、企业篇三部分。 | |
| 606 | 0 | @a城市群@Acheng shi qun@x城市建设@x研究@y长江三角洲@j文集 |
| 690 | @aF299.275@v4 | |
| 701 | 0 | @a王士兰@Awang shi lan@4主编 |
| 701 | 0 | @a娄延安@Alou yan an@4主编 |
| 801 | 0 | @aCN@bQSSK@c20071226 |
| 905 | @b271413-14@dF299.275@eW343@f2 | |
| 崛起的世界第六大城市群/王士兰, 娄延安主编.-北京:中国建筑工业出版社,2005.08 |
| 496页, [1] 叶图版:图, 摹真;20cm |
| ISBN 7-112-07014-7(精装):CNY60.00 |
| 本书在借鉴世界其他地区区域发展经验的基础上,就长江三角洲地区的社会经济发展、各地区的分工协作、优势互补等问题作了探讨。包括学者篇、政府篇、企业篇三部分。 |
| ● |
| 相关链接 |
|
|
|
正题名:崛起的世界第六大城市群
索取号:F299.275/W343
 
预约/预借
| 序号 | 登录号 | 条形码 | 馆藏地/架位号 | 状态 | 备注 |
| 1 | 271413 | 202714134 | 社科库409/409社科库 32排1列1层/ [索取号:F299.275/W343] | 在馆 | |
| 2 | 271414 | 202714143 | 社科库409/409社科库 32排1列1层/ [索取号:F299.275/W343] | 在馆 |